000 00779nam a22002537a 4500
001 32447
003 UA-OsUOA
005 20211204185443.0
007 ta
008 20050202b un ||||| |||| 00| 0 ukr d
020 _a966-7056-95-3
040 _aUA-OsUOA
_bukr
_cUA-OsUOA
_dUA-OsUOA
041 _aukr
044 _aUA
080 _a94(477)052.3
090 _a94(477)052.3
_bС24
100 _aСвітленко С. В.
245 _aНародництво в Україні 60-80-х років ХІХ століття
_bтеоретичні проблеми джерелознавства та історії
260 _aДніпрорпетровськ
_bНавчальна книга
_c1999
300 _a240 с.
650 7 _2UDC
942 _cBK
_2udc
955 _a0
999 _c318891
_d318891